000 01343nam a2200313 a 4500
001 59460
003 BD-RjUL
005 20211209080732.0
008 161226s1994 enk 000 0 eng
020 _a0198259263 (acidfree paper)
035 _a(BD-RjUL)59584
040 _aDLC
_cDLC
_dDLC
_beng
041 _aeng
082 0 0 _a341.48
_223
_bBES 1994
245 0 4 _aThe best interests of the child :
_breconciling culture and human rights /
_cedited by Philip Alston.
260 _aOxford :
_bClarendon Press ;
_aNew York :
_bOxford University Press,
_c1994.
300 _axiii, 297 p. ;
_c24 cm.
500 _a"UNICEF, United Nations Children's Fund, International Child Development Centre, Florence, Italy."
500 _a"... project conducted by UNICEF's International Child Development Centre in Florence"--P. vii.
650 0 _aHuman rights.
_9172338
650 0 _aChildren
_xLegal status, laws, etc.
_9176846
650 0 _aInternational relations and culture.
_9176847
700 1 _aAlston, Philip.
_9176848
710 2 _aUNICEF.
_bInternational Child Development Centre.
_9176849
856 4 2 _3Publisher description
_uhttp://www.loc.gov/catdir/enhancements/fy0636/94016383-d.html
856 4 1 _3Table of contents only
_uhttp://www.loc.gov/catdir/enhancements/fy0636/94016383-t.html
942 _2ddc
_cBK
999 _c59460
_d59460